Rupaul's Drag Race S14 • SUDDEN DEATH - Statistics

General Stats
  • This quiz has been taken 238 times
  • The average score is 12 of 14
Answers on the Grid
Answers color-coded by a green-red scale on the quiz's grid according to % correct below.
Alyssa Hunter
Angeria Paris VanMicheals
Bosco
Daya Betty
DeJa Skye
Jasmine Kennedie
Jorgeous
June Jambalaya
Kerri Colby
Kornbread "The Snack" Jeté
Lady Camden
Maddy Morphosis
Willow Pill
Orion Story
Jax
Kandy Muse
Rosé
Malaysia Babydoll Foxx
Jackie Cox
Kahanna Montrese
Dawn
Ariel Versace
Farrah Moan
Robbie Turner
Lana Ja'Rae
Chad Michaels
Jaida Essence Hall
Carmen Carrera
Jujubee
Vinegar Strokes
Veronica Green
Hugáceo Crujiente
Cookie Kunty
Diva More
Vanity Vain
 
Answer Stats
Answer % Correct
Angeria Paris VanMicheals
86%
Bosco
86%
Kerri Colby
86%
Lady Camden
86%
Kornbread "The Snack" Jeté
85%
Maddy Morphosis
85%
Willow Pill
85%
Daya Betty
83%
DeJa Skye
83%
Jasmine Kennedie
83%
Orion Story
82%
Alyssa Hunter
81%
Jorgeous
81%
June Jambalaya
78%
No matching quizzes found
Score Distribution
Percent of People with Each Score
Percentile by Number Answered
Your Score History
You have not taken this quiz